UEFA Champions League winners (players) - Sudden Death - Statistics

General Stats
  • This quiz has been taken 109 times
  • The average score is 12 of 44
Answers on the Grid
Answers color-coded by a green-red scale on the quiz's grid according to % correct below.
Toni Kroos
Lionel Messi
Cristiano Ronaldo
Karim Benzema
Andrés Iniesta
Gerd Müller
Franz Beckenbauer
Uli Hoeneß
Thomas Müller
Manuel Neuer
Achraf Hakimi
Nuno Mendes
Marc-André ter Stegen
Arda Güler
Virgil van Dijk
Eden Hazard
Julián Alvarez
Mason Mount
Kai Havertz
N'Golo Kanté
Timo Werner
Olivier Giroud
Jamal Musiala
Robert Lewandowski
Joshua Kimmich
Niklas Süle
Neymar
Sadio Mané
Sami Khedira
Luis Suárez
Emre Can
Franck Ribéry
Bastian Schweinsteiger
Philipp Lahm
Kaká
Frank Lampard
Ashley Cole
Petr Cech
Fernando Torres
Thierry Henry
Ronaldinho
Oliver Kahn
Lars Ricken
Rudi Völler
Kylian Mbappé
Mats Hummels
Roberto Baggio
Antoine Griezmann
Cesc Fabregas
Michael Ballack
Ruud van Nistelrooy
Lilian Thuram
Francesco Totti
Fabio Cannavaro
Zlatan Ibrahimović
Sergio Agüero
Dennis Bergkamp
Gianluigi Buffon
Ronaldo (R9)
Lothar Matthäus
Florian Wirtz
Jadon Sancho
Julian Brandt
Marco Reus
Julian Draxler
Jens Lehmann
Pierre-Emerick Aubameyang
Mesut Özil
Mario Götze
Harry Kane
Heung-min Son
Diego Maradona
 
Answer Stats
Answer % Correct
Robert Lewandowski
45%
Toni Kroos
43%
Lionel Messi
41%
Petr Cech
41%
Marc-André ter Stegen
39%
Mason Mount
39%
N'Golo Kanté
39%
Karim Benzema
37%
Luis Suárez
37%
Manuel Neuer
37%
Julián Alvarez
35%
Neymar
35%
Philipp Lahm
35%
Cristiano Ronaldo
33%
Fernando Torres
33%
Franck Ribéry
33%
Thomas Müller
33%
Achraf Hakimi
31%
Frank Lampard
31%
Ronaldinho
31%
Sadio Mané
31%
Thierry Henry
31%
Virgil van Dijk
31%
Andrés Iniesta
29%
Kai Havertz
29%
Bastian Schweinsteiger
27%
Kaká
27%
Sami Khedira
27%
Ashley Cole
24%
Joshua Kimmich
24%
Oliver Kahn
24%
Eden Hazard
22%
Franz Beckenbauer
22%
Olivier Giroud
22%
Timo Werner
22%
Gerd Müller
20%
Nuno Mendes
20%
Arda Güler
16%
Jamal Musiala
12%
Lars Ricken
12%
Niklas Süle
10%
Emre Can
8%
Rudi Völler
4%
Uli Hoeneß
4%
No matching quizzes found
Score Distribution
Percent of People with Each Score
Percentile by Number Answered
Your Score History
You have not taken this quiz